000 00545nam a2200181Ia 4500
003 GCL
008 140319s9999 xx 000 0 ara d
040 _aGCL /
_cGCL
082 0 4 _a822
_bش م
100 1 _aاحمد النادى
245 1 0 _aالميجور باربره /
_cاحمد النادى
700 1 _aشو، جورج برنارد
300 _a272 ص
490 _aمسرحيات عالمية
_v0
650 0 4 _aالادب الانجليزى
650 0 4 _aالمسرحيات الانجليزية المترجمة
942 _2ddc
_cBK
999 _c40415
_d40415